The Excel phenomenon : (Record no. 6795)

MARC details
000 -LEADER
fixed length control field 01376cam a2200325 a 4500
001 - CONTROL NUMBER
control field 708977
003 - CONTROL NUMBER IDENTIFIER
control field OSt
005 - DATE AND TIME OF LATEST TRANSACTION
control field 20210226114429.0
008 - FIXED-LENGTH DATA ELEMENTS--GENERAL INFORMATION
fixed length control field 970616s1997 caua 001 0 eng
010 ## - LIBRARY OF CONGRESS CONTROL NUMBER
LC control number 97023828
020 ## - INTERNATIONAL STANDARD BOOK NUMBER
International Standard Book Number 0761511717
040 ## - CATALOGING SOURCE
Original cataloging agency DLC
Transcribing agency DDC
043 ## - GEOGRAPHIC AREA CODE
Geographic area code n-us---
082 00 - DEWEY DECIMAL CLASSIFICATION NUMBER
Classification number 384 ROB 1997
Edition number 21
100 1# - MAIN ENTRY--PERSONAL NAME
Personal name Robinson, James W.,
Dates associated with a name 1954-
9 (RLIN) 13914
245 14 - TITLE STATEMENT
Title The Excel phenomenon :
Remainder of title the astonishing success story of the fastest-growing communications company--and what it means to you /
Statement of responsibility, etc. James W. Robinson ; foreword by Kenny A. Troutt.
260 ## - PUBLICATION, DISTRIBUTION, ETC. (IMPRINT)
Place of publication, distribution, etc. Rocklin, CA :
Name of publisher, distributor, etc. Prima Publishing,
Date of publication, distribution, etc. c1997.
300 ## - PHYSICAL DESCRIPTION
Extent xxiii, 225 p. :
Other physical details ill. ;
Dimensions 23 cm.
500 ## - GENERAL NOTE
General note Includes index.
504 ## - BIBLIOGRAPHY, ETC. NOTE
Bibliography, etc includes index
610 20 - SUBJECT ADDED ENTRY--CORPORATE NAME
Corporate name or jurisdiction name as entry element Excel Communications.
9 (RLIN) 13915
650 #0 - SUBJECT ADDED ENTRY--TOPICAL TERM
Topical term or geographic name as entry element Long distance telephone service
Geographic subdivision United States.
9 (RLIN) 13916
650 #0 - SUBJECT ADDED ENTRY--TOPICAL TERM
Topical term or geographic name as entry element Telecommunication
Geographic subdivision United States.
9 (RLIN) 13917
856 42 - ELECTRONIC LOCATION AND ACCESS
Materials specified Contributor biographical information
Uniform Resource Identifier http://www.loc.gov/catdir/bios/random057/97023828.html
856 42 - ELECTRONIC LOCATION AND ACCESS
Materials specified Publisher description
Uniform Resource Identifier http://www.loc.gov/catdir/description/random0411/97023828.html
856 41 - ELECTRONIC LOCATION AND ACCESS
Materials specified Table of contents
Uniform Resource Identifier http://www.loc.gov/catdir/toc/random041/97023828.html
906 ## - LOCAL DATA ELEMENT F, LDF (RLIN)
a 7
b cbc
c orignew
d 1
e ocip
f 19
g y-gencatlg
942 ## - ADDED ENTRY ELEMENTS (KOHA)
Source of classification or shelving scheme Dewey Decimal Classification
Koha item type Open Shelf
Holdings
Withdrawn status Lost status Source of classification or shelving scheme Damaged status Not for loan Home library Current library Date acquired Source of acquisition Inventory number Total Checkouts Full call number Barcode Date last seen Price effective from Koha item type
    Dewey Decimal Classification     MUST Main Library MUST Main Library 26/02/2021 Donation 2000/13434   384 ROB 1997 2021-0231 26/02/2021 26/02/2021 Open Shelf